00320nam a2200109 a 4500008004100000050001500041100001900056245002900075246005200104260004500156350000900201120416s1966 ||||||||||||||||| || u aGA 151 Mar aMarshall, I. C10aIntroductory map reading atopographical maps in world-wide sample studies aLondonbUniversity of London Pressc1966 a0.00